[Event "Moscow op-E"]
[Site "Moscow"]
[Date "2011.02.01"]
[Round "4.169"]
[White "Rukavishnikov, Vladimir"]
[Black "Akhmetov, Ayan"]
[Result "0-1"]
[WhiteElo "1991"]
[BlackElo "2098"]
[PlyCount "108"]
[EventDate "2011.01.29"]
[EventType "swiss"]
[EventRounds "9"]
[EventCountry "RUS"]
[SourceTitle "EXT 2022"]
[Source "ChessBase"]
[SourceDate "2021.10.06"]
[SourceVersion "1"]
[SourceVersionDate "2021.10.06"]
[SourceQuality "1"]

1. d4 d5 2. c4 c6 3. cxd5 cxd5 4. Nf3 Nf6 5. Nc3 Nc6 6. Bf4 Bf5 7. e3 e6 8. a3 Bd6 9. Bg3 0-0 10. Bd3 Bg6 11. 0-0 Rc8 12. Rc1 a6 13. b4 b5 14. Bxg6 hxg6 15. Qd3 Ne7 16. Rc2 Qd7 17. Rfc1 Nf5 18. Ne5 Qb7 19. f3 Nxg3 20. hxg3 Bxe5 21. dxe5 Nd7 22. f4 Rc4 23. Nb1 Nb6 24. Nd2 Rxc2 25. Rxc2 Nc4 26. Kf2 Kh7 27. g4 Rc8 28. Nb3 Qb6 29. Nc5 a5 30. Rc1 axb4 31. axb4 Ra8 32. e4 Ra3 33. Rc3 Rxc3 34. Qxc3 dxe4 35. Qh3+ Kg8 36. Qh4 e3+ 37. Ke2 Qc7 38. g3 Qc8 39. Qe7 Qa8 40. Ne4 Nb6 41. Ng5 Qa2+ 42. Kf3 Qa8+ 43. Ke2 Qf8 44. Qb7 Nd5 45. Kf3 Qe8 46. Ne4 Nxb4 47. Kxe3 Nd5+ 48. Kf3 b4 49. Nd6 Qf8 50. g5 Qe7 51. Qc8+ Kh7 52. Ne4 Qa7 53. Nf6+ gxf6 54. gxf6 Qe3+ 0-1